000 00495nam a2200193 a 4500
001 1770118679582
003 YourLibrary
005 20260203171020.0
008 260203s2000##################000#0#eng##
020 _a9780750652018
082 0 4 _a302.3
_bHAD
100 1 _aHadikin, Ruth,
_eauthor.
245 1 0 _aThe Bullying Culture :
260 _bBooks for Midwives Press,
_c2000.
300 _a179 pages
650 0 _aMedical.
942 _cENGLISH
040 _aYourLibrary
_beng
_cYourLibrary
999 _c610105
_d610105